Accelerated tyre wear tests and criteria for laboratory abrasion testers (Record no. 53725)

MARC details
000 -LEADER
fixed length control field 00569nam a2200157Ia 4500
100 ## - MAIN ENTRY--AUTHOR NAME
Personal name Tokiata N
245 #0 - TITLE STATEMENT
Title Accelerated tyre wear tests and criteria for laboratory abrasion testers
260 ## - PUBLICATION, DISTRIBUTION, ETC. (IMPRINT)
Name of publisher Natural Rubber: Current Developments in Product Manufacture and Applications: Proceedings of the International Rubber Technology Conferencce, Kuala Lumpur, 1993; p37-56
650 ## - SUBJECT ADDED ENTRY--TOPICAL TERM
Topical Term Abrasion testers
650 ## - SUBJECT ADDED ENTRY--TOPICAL TERM
Topical Term Tyre wear
700 ## - ADDED ENTRY--PERSONAL NAME
Personal name Ouyang G B
700 ## - ADDED ENTRY--PERSONAL NAME
Personal name Patterson W J
700 ## - ADDED ENTRY--PERSONAL NAME
Personal name Shieh C-H
942 ## - ADDED ENTRY ELEMENTS (KOHA)
Koha item type Journals
Holdings
Withdrawn status Lost status Damaged status Not for loan Home library Current library Shelving location Date acquired Koha item type
      Journals RRII Library RRII Library Rubber general 17/12/2021 Journals